000 00894nam a2200253Ia 4500
003 IN-BaIIA
008 211028s9999 xx s 000 0 eng d
020 _a978-3-642-28390-1 (Print)
020 _a978-3-642-28391-8 (Online)
022 _a1618-7210 (Print)
022 _a2197-5647 (Online)
040 _cIIA Library
100 _aLiang, Rongguang
_938516
245 0 _aBiomedical Optical Imaging Technologies
_h[eBook]
260 _aHeidelberg, Berlin
_bSpringer Berlin Heidelberg
_c2013
300 _aOnline resource
490 _aBiological and Medical Physics, Biomedical Engineering
650 _a Biological and Medical Physics, Biophysics
_938290
650 _a Biological Microscopy
_938517
650 _a Optics, Lasers, Photonics, Optical Devices
650 _aPhysics
_973
856 _uhttp://doi.org/10.1007/978-3-642-28391-8
_yClick Here to Access eBook
942 _cEB
999 _c20752
_d20752